Handelsprotektionismus und liberalisierung in Japan
Saved in:
| Main Author: | |
|---|---|
| Format: | Book |
| Language: | Undetermined |
| Published: |
Bochum
Studienverlag Dr. N. Brockmeyer
1981
|
| Subjects: | |
| Tags: |
Add Tag
No Tags, Be the first to tag this record!
|
| Institutions: | Trung tâm Học liệu Trường Đại học Cần Thơ |
|---|
| LEADER | 00548nam a2200181Ia 4500 | ||
|---|---|---|---|
| 001 | CTU_77803 | ||
| 008 | 210402s9999 xx 000 0 und d | ||
| 082 | |a 382 | ||
| 082 | |b F661 | ||
| 100 | |a Foerschle, Alfred | ||
| 245 | 0 | |a Handelsprotektionismus und liberalisierung in Japan | |
| 245 | 0 | |c Alfred Foerschle | |
| 260 | |a Bochum | ||
| 260 | |b Studienverlag Dr. N. Brockmeyer | ||
| 260 | |c 1981 | ||
| 650 | |a Corporations, West German,Non-tariff trade barriers | ||
| 650 | |z Japan,Japan | ||
| 980 | |a Trung tâm Học liệu Trường Đại học Cần Thơ | ||